[Event "Faxe EMT 2010"]
[Site "Faxe"]
[Date "2010.03.24"]
[Round "2"]
[White "Brinkhard, Anders"]
[Black "Andersen, Hans Poul"]
[Result "1-0"]
[WhiteElo "1439"]
[BlackElo "1172"]
[PlyCount "103"]
[EventDate "2010.??.??"]

1. Nf3 e6 2. d4 d5 3. c3 Nc6 4. h3 h6 5. Bf4 Nf6 6. Nbd2 Bd6 7. Bxd6 cxd6 8. e3
a6 9. Be2 O-O 10. O-O e5 11. Nh2 Bd7 12. Re1 e4 13. Ng4 b5 14. Nxf6+ Qxf6 15.
Bg4 Be6 16. f4 Bf5 17. Bxf5 Qxf5 18. Qg4 Ne7 19. Kh2 h5 20. Qxf5 Nxf5 21. Nf1
h4 22. g4 hxg3+ 23. Nxg3 Nxg3 24. Kxg3 f5 25. Rg1 Rf6 26. Kh2 Kf7 27. Rg3 Rh8
28. Rag1 Rh7 29. a3 Rfh6 30. Ra1 g6 31. a4 Ke6 32. axb5 axb5 33. Ra8 Rb7 34.
Re8+ Kf7 35. Rd8 Ke7 36. Rc8 b4 37. c4 dxc4 38. Rxc4 Ke6 39. Rc8 Kf7 40. Rg2 b3
41. Rc6 Ke7 42. Rc3 Kd7 43. Rg1 Rb8 44. Kg2 Rhh8 45. Rgc1 Rhc8 46. Rxc8 Rxc8
47. Rxc8 Kxc8 48. Kg3 Kc7 49. Kh4 Kc6 50. Kg5 Kd5 51. Kxg6 Kc4 52. h4 1-0

[Event "Faxe EMT 2010"]
[Site "Faxe"]
[Date "2010.03.25"]
[Round "2"]
[White "Sorensen, Lindved"]
[Black "Eriksen, Knud Ejler"]
[Result "0-1"]
[WhiteElo "1598"]
[BlackElo "1060"]
[PlyCount "108"]
[EventDate "2010.??.??"]

1. Nf3 Nf6 2. c4 e6 3. b3 Bb4 4. a3 Be7 5. Bb2 b6 6. g3 Bb7 7. Bg2 O-O 8. O-O
c6 9. d4 d5 10. Nbd2 Nbd7 11. b4 c5 12. b5 a6 13. a4 a5 14. Ne1 Re8 15. Rc1
cxd4 16. Bxd4 Nc5 17. Nd3 dxc4 18. Bxb7 Nxb7 19. Bxf6 Bxf6 20. Nxc4 Bd4 21. e3
Bc5 22. Nde5 Qg5 23. Qf3 Nd6 24. Nd7 Nxc4 25. Rxc4 Red8 26. Rg4 Qe7 27. Nf6+
Kh8 28. Nh5 Rg8 29. Rf4 f5 30. Qe2 g6 31. Qb2+ e5 32. Rd1 gxh5 33. Rxf5 Rg5 34.
Qc2 h4 35. Rd5 Rxf5 36. Qxf5 Re8 37. Rd7 Rf8 38. Qd3 e4 39. Qc3+ Qf6 40. Qc2
Bxe3 41. Rxh7+ Kxh7 42. Qxe4+ Qf5 43. Qxe3 Qf6 44. Qe4+ Kh8 45. Qe3 h3 46. Qe2
Qa1+ 47. Qf1 Qxf1+ 48. Kxf1 Rf3 49. Ke2 Ra3 50. f4 Rxa4 51. Kf3 Rb4 52. Kg4 a4
53. Kxh3 a3 54. Kg4 a2 0-1

[Event "Faxe EMT 2010"]
[Site "Faxe"]
[Date "2010.03.24"]
[Round "2"]
[White "Hansen, Egon"]
[Black "Arendal, Gustav"]
[Result "0-1"]
[WhiteElo "1522"]
[BlackElo "1890"]
[PlyCount "60"]
[EventDate "2010.??.??"]

1. d4 Nf6 2. Nf3 g6 3. c4 Bg7 4. Nc3 O-O 5. e4 d6 6. h3 Nbd7 7. Be3 e5 8. Qd2
a6 9. Be2 Nh5 10. O-O-O Nf4 11. g4 Nxe2+ 12. Qxe2 c6 13. h4 Qa5 14. Rdg1 exd4
15. Nxd4 h6 16. Qd2 Kh7 17. f4 c5 18. Nb3 Qb4 19. Qd3 b5 20. Nd2 Bxc3 21. Qxc3
Qxc3+ 22. bxc3 Nf6 23. g5 Ng4 24. Rg3 h5 25. Kc2 Re8 26. Kd3 Bb7 27. Re1 bxc4+
28. Kxc4 Bxe4 29. Nxe4 Rxe4+ 30. Kd5 Rae8 0-1

[Event "Faxe EMT 2010"]
[Site "Faxe"]
[Date "2010.03.31"]
[Round "3"]
[White "Hansen, Jens Hjort"]
[Black "Johannsen, Bjorn"]
[Result "1-0"]
[WhiteElo "1975"]
[BlackElo "1553"]
[PlyCount "95"]
[EventDate "2010.??.??"]

1. e4 c6 2. Nf3 d5 3. Nc3 dxe4 4. Nxe4 Bf5 5. Ng3 Bg6 6. d4 e6 7. Bd3 Bd6 8.
O-O Nd7 9. Re1 Qc7 10. Nf5 Bxf5 11. Bxf5 Ne7 12. Bd3 O-O-O 13. c3 e5 14. h3 f6
15. b4 Nd5 16. Bd2 g6 17. Qb3 Kb8 18. c4 Nf4 19. Bxf4 exf4 20. c5 Bf8 21. b5
Nxc5 22. dxc5 Bxc5 23. bxc6 Qxc6 24. Rac1 Rhe8 25. Rxe8 Rxe8 26. Rc2 Qd6 27.
Re2 Rd8 28. Bc2 b6 29. Rd2 Qe7 30. Rxd8+ Qxd8 31. Qd3 Qc7 32. Ba4 g5 33. Nd4
Bd6 34. Nb5 Qc1+ 35. Kh2 Be5 36. Qd8+ Qc8 37. Qxc8+ Kxc8 38. Nxa7+ Kb7 39. Nc6
Bd6 40. Nd4 Kc8 41. Ne6 h5 42. f3 h4 43. Kg1 Bb4 44. Kf1 Bd2 45. Ke2 Be3 46.
Kd3 Kb7 47. Ke4 Bc1 48. Kf5 1-0

[Event "Faxe EMT 2010"]
[Site "Faxe"]
[Date "2010.03.31"]
[Round "3"]
[White "Eriksen, Knud Ejler"]
[Black "Arendal, Gustav"]
[Result "0-1"]
[WhiteElo "1060"]
[BlackElo "1890"]
[PlyCount "64"]
[EventDate "2010.??.??"]

1. e4 e5 2. Nf3 Nc6 3. Bc4 Nf6 4. d3 Be7 5. O-O O-O 6. Nc3 d6 7. h3 Na5 8. Bb5
a6 9. Ba4 b5 10. Bb3 Nxb3 11. axb3 Bb7 12. Bd2 c5 13. Ne2 d5 14. exd5 Qxd5 15.
Ng3 Rae8 16. Re1 Bd6 17. Nf5 Bc7 18. Bg5 Qe6 19. Ng3 h6 20. Be3 Nd5 21. Bd2 f5
22. b4 e4 23. dxe4 fxe4 24. Nh2 c4 25. Be3 Rf6 26. Bd4 Rg6 27. Nhf1 Nf6 28. Ra3
Rd8 29. Rae3 Bf4 30. R3e2 h5 31. Kh1 e3 32. c3 Qxh3+ 0-1

[Event "Faxe EMT 2010"]
[Site "Faxe"]
[Date "2010.03.31"]
[Round "3"]
[White "Eckert, Svend"]
[Black "Andersen, Bjarne Hjorth"]
[Result "1/2-1/2"]
[WhiteElo "1510"]
[BlackElo "1860"]
[PlyCount "115"]
[EventDate "2010.??.??"]

1. c4 Nf6 2. d4 g6 3. Nc3 d5 4. e3 Bg7 5. Nf3 O-O 6. b3 c5 7. Bb2 Qa5 8. Bd3
Nc6 9. O-O cxd4 10. exd4 dxc4 11. bxc4 Rd8 12. Nb5 Ne8 13. Bc3 Qa6 14. c5 Bf5
15. Bxf5 gxf5 16. a4 Ne5 17. Re1 Ng6 18. Qc2 Rd5 19. Re2 Qc6 20. Rae1 a6 21.
Na3 b6 22. cxb6 Qxb6 23. Nc4 Qc7 24. Ne3 Rd7 25. Nxf5 Rc8 26. Nxg7 Nxg7 27. Rc1
Nf4 28. Rd2 Nge6 29. Ne5 Nxd4 30. Bxd4 Qxc2 31. Rdxc2 Rxc2 32. Rxc2 Rxd4 33. h3
Rxa4 34. Rc7 Ra5 35. Rxe7 Ng6 36. Re8+ Kg7 37. Nxg6 hxg6 38. Ra8 Ra2 39. f3 Kf6
40. Kh2 g5 41. Ra7 Kg6 42. Kg3 f5 43. Ra8 f4+ 44. Kh2 a5 45. Rg8+ Kh6 46. h4
gxh4 47. Rg4 Ra4 48. Kh3 Rb4 49. Rxh4+ Kg5 50. Rg4+ Kf5 51. Kh4 a4 52. Rg5+ Kf6
53. Ra5 Rc4 54. g4 fxg3+ 55. Kxg3 Rb4 56. Kh3 Rb3 57. Kg3 Rb4 58. Kh3 1/2-1/2

[Event "Faxe EMT 2010"]
[Site "Faxe"]
[Date "2010.03.31"]
[Round "3"]
[White "Wehlast, Svend Erik"]
[Black "Lillebro, Verner"]
[Result "0-1"]
[WhiteElo "1500"]
[BlackElo "1224"]
[PlyCount "130"]
[EventDate "2010.??.??"]

1. d4 Nf6 2. h3 b6 3. Bf4 Bb7 4. e3 e6 5. a3 Be7 6. Nf3 d5 7. Bd3 Nbd7 8. O-O
O-O 9. Nbd2 Nh5 10. Bh2 f5 11. Ne5 Nhf6 12. f4 c5 13. c3 c4 14. Be2 b5 15. Ndf3
Ne4 16. Qe1 a5 17. g4 fxg4 18. hxg4 Nxe5 19. fxe5 Qe8 20. Bf4 Qg6 21. Nh2 Bc6
22. Kh1 Bg5 23. Rf3 h5 24. gxh5 Qxh5 25. Bxg5 Qxg5 26. Qg1 Qh6 27. Raf1 Rxf3
28. Rxf3 Rf8 29. Rxf8+ Kxf8 30. Qf1+ Ke7 31. Qf3 Be8 32. Kg2 Bg6 33. Qh3 Qxh3+
34. Kxh3 Bf5+ 35. Kh4 a4 36. Bg4 Nf2 37. Bxf5 exf5 38. Kg5 Ke6 39. Kg6 Nd1 40.
Nf3 Nxe3 41. Ng5+ Ke7 42. Kxg7 Nd1 43. Kg6 Nxb2 44. Kxf5 Nd1 45. e6 Nxc3 46.
Nf7 Ne4 47. Ke5 c3 48. Kxd5 c2 49. Ne5 Nf6+ 50. Kc5 c1=Q+ 51. Kxb5 Qxa3 52.
Nc6+ Kxe6 53. d5+ Nxd5 54. Nd4+ Ke5 55. Nc6+ Ke4 56. Ne7 Nxe7 57. Kc4 Qb3+ 58.
Kc5 a3 59. Kd6 Nc8+ 60. Kd7 a2 61. Kc6 a1=Q 62. Kd7 Qad1+ 63. Kc7 Qbc2+ 64. Kb7
Qdb1+ 65. Ka8 Qca2# 0-1

[Event "Faxe EMT 2010"]
[Site "Faxe"]
[Date "2010.03.31"]
[Round "3"]
[White "Nielsen, Harald"]
[Black "Toftvang, Ove"]
[Result "1/2-1/2"]
[WhiteElo "1460"]
[BlackElo "1268"]
[PlyCount "66"]
[EventDate "2010.??.??"]

1. e4 g6 2. a3 Nc6 3. c3 e5 4. Bc4 Bg7 5. d3 Nf6 6. Nf3 O-O 7. Be3 d6 8. Nbd2
a6 9. h3 h6 10. a4 a5 11. Qe2 Ne7 12. Nh4 c6 13. Rd1 d5 14. exd5 cxd5 15. Bb3
Re8 16. Ndf3 Nf5 17. Nxf5 Bxf5 18. g4 Bd7 19. O-O e4 20. dxe4 dxe4 21. Nd4 Nh7
22. Qc4 Qe7 23. Bf4 Kh8 24. Qxf7 Qxf7 25. Bxf7 Re7 26. Bb3 Be5 27. Bxe5+ Rxe5
28. Rfe1 Kg7 29. Nf3 Re7 30. Nd2 Rae8 31. Bc2 Bc6 32. b3 Ng5 33. Re3 Rf8
1/2-1/2

[Event "Faxe EMT 2010"]
[Site "Faxe"]
[Date "2010.03.31"]
[Round "3"]
[White "Hansen, Arne Mandrup"]
[Black "Joost, Kjeld"]
[Result "1-0"]
[WhiteElo "1425"]
[BlackElo "1334"]
[PlyCount "89"]
[EventDate "2010.??.??"]

1. d4 d5 2. Bf4 Nc6 3. c3 Nf6 4. e3 h6 5. Nd2 g5 6. Bg3 h5 7. h3 h4 8. Bh2 Bf5
9. Bb5 g4 10. hxg4 Nxg4 11. Bf4 f6 12. Be2 Nh6 13. Rxh4 e5 14. Bg3 Bg7 15. Bh5+
Ke7 16. Bf3 Bg6 17. Qb3 e4 18. Be2 Nf5 19. Rxh8 Qxh8 20. Nh3 Nxg3 21. fxg3 Rb8
22. Qxd5 Rd8 23. Qc5+ Kd7 24. O-O-O Bf8 25. Qb5 Kc8 26. Bg4+ Kb8 27. Nb3 a6 28.
Qc4 Qg7 29. Nc5 Bf7 30. Be6 Na5 31. Qe2 Bxc5 32. Bxf7 Qxf7 33. dxc5 Rxd1+ 34.
Kxd1 Qxa2 35. Qc2 Nc4 36. Ke2 Qxb2 37. Qxb2 Nxb2 38. Nf2 f5 39. g4 fxg4 40.
Nxe4 a5 41. Nd2 a4 42. Nb1 Nc4 43. Kd3 a3 44. Nxa3 Nxa3 45. c4 1-0

[Event "Faxe EMT 2010"]
[Site "Faxe"]
[Date "2010.03.31"]
[Round "3"]
[White "Olsen, Michael2"]
[Black "Larsen, Poul Erik"]
[Result "0-1"]
[WhiteElo "1209"]
[BlackElo "1300"]
[PlyCount "68"]
[EventDate "2010.??.??"]

1. d4 Nf6 2. c4 e6 3. Nc3 d5 4. Bf4 c6 5. a3 Bd6 6. Bxd6 Qxd6 7. c5 Qc7 8. Nf3
h6 9. Qc2 Nbd7 10. e3 e5 11. dxe5 Nxe5 12. Nxe5 Qxe5 13. Bd3 d4 14. Ne4 Nxe4
15. Bxe4 dxe3 16. fxe3 Qg5 17. Qf2 O-O 18. Rc1 Re8 19. Rc4 Be6 20. Rc3 Rad8 21.
O-O Re7 22. Qc2 g6 23. Kh1 Bd5 24. Bxd5 Rxd5 25. e4 Rd2 26. Rg3 Rxc2 27. Rxg5
hxg5 28. b4 Rxe4 29. Ra1 Ree2 30. g3 Rxh2+ 31. Kg1 Rhg2+ 32. Kf1 Rxg3 33. a4
Rg4 34. Re1 Rxb4 0-1

[Event "Faxe EMT 2010"]
[Site "Faxe"]
[Date "2010.03.31"]
[Round "3"]
[White "Jakobsen, Henning"]
[Black "Andersen, Hans Poul"]
[Result "0-1"]
[WhiteElo "1230"]
[BlackElo "1172"]
[PlyCount "64"]
[EventDate "2010.??.??"]

1. d4 e6 2. c4 d5 3. Nc3 Nc6 4. Nf3 h6 5. Bf4 dxc4 6. e3 Nf6 7. Bxc4 Bb4 8. Qc2
a6 9. O-O Bxc3 10. bxc3 b5 11. Bd3 Bb7 12. e4 O-O 13. Rfd1 Qe8 14. Bxc7 Rc8 15.
Bd6 Ne7 16. Rac1 Nd7 17. Qb1 Kh8 18. Nd2 Rg8 19. f3 Ng6 20. e5 Nf4 21. Bh7 Ne2+
22. Kf1 Nxc1 23. Rxc1 Bd5 24. Bxg8 Kxg8 25. Ne4 Rc4 26. Bc5 Qc8 27. Nd6 Qa8 28.
Nxc4 Bxc4+ 29. Kf2 Qd5 30. a3 Nxc5 31. dxc5 Qxc5+ 32. Ke1 Qe3+ 0-1

[Event "Faxe EMT 2010"]
[Site "Faxe"]
[Date "2010.03.31"]
[Round "3"]
[White "Larsen, Paul M"]
[Black "Sorensen, Lindved"]
[Result "1-0"]
[WhiteElo "1472"]
[BlackElo "1598"]
[PlyCount "59"]
[EventDate "2010.??.??"]

1. d4 Nf6 2. c4 c5 3. Nf3 e6 4. Nc3 b6 5. d5 exd5 6. cxd5 d6 7. e4 g6 8. Be2
Bg7 9. O-O O-O 10. Nd2 Re8 11. f3 a6 12. Rb1 b5 13. b3 Bd7 14. a3 Ng4 15. fxg4
Bxc3 16. Bb2 Bxd2 17. Qxd2 Rxe4 18. Qh6 Qf8 19. Qd2 Qe7 20. Bf3 Rxg4 21. Bxg4
Bxg4 22. Bf6 Qf8 23. Qf4 Bf5 24. Rbe1 Ra7 25. g4 Bd3 26. Rf3 c4 27. Rfe3 Nd7
28. Re8 Nxf6 29. Rxf8+ Kxf8 30. Qxf6 1-0

[Event "Faxe EMT 2010"]
[Site "Faxe"]
[Date "2010.03.31"]
[Round "3"]
[White "Refsgaard, Kaj"]
[Black "Christoffersen, Ib"]
[Result "1-0"]
[WhiteElo "1584"]
[BlackElo "1460"]
[PlyCount "87"]
[EventDate "2010.??.??"]

1. d4 d5 2. c4 Nf6 3. Nf3 Nc6 4. Nc3 Bf5 5. a3 e6 6. cxd5 Nxd5 7. g3 Be7 8. Bg2
O-O 9. O-O Bd6 10. Re1 Qd7 11. e4 Nxc3 12. bxc3 Bg4 13. Qb3 Bxf3 14. Bxf3 e5
15. d5 Na5 16. Qa2 b6 17. Be2 a6 18. Be3 Be7 19. Qb2 Qd6 20. c4 Qg6 21. Qc3 Nb7
22. Bf3 Nd6 23. a4 f5 24. exf5 Nxf5 25. Be4 Bg5 26. Qd3 Bxe3 27. Rxe3 Qg5 28.
Rf3 g6 29. Re1 Rf6 30. Bxf5 gxf5 31. Rxe5 Raf8 32. Rf4 R8f7 33. Re8+ Kg7 34.
Qd4 h5 35. h4 Qg6 36. Qe5 Kh7 37. Re7 Rd6 38. Re8 Rdf6 39. Rc8 Qg7 40. Re8 a5
41. Re6 Kg6 42. Rxf5 Rxe6 43. Qxe6+ Rf6 44. Rg5+ 1-0

[Event "Faxe EMT 2010"]
[Site "Faxe"]
[Date "2010.03.31"]
[Round "3"]
[White "Brinkhard, Anders"]
[Black "Strandsbjerg, Jens"]
[Result "1-0"]
[WhiteElo "1439"]
[BlackElo "1555"]
[PlyCount "73"]
[EventDate "2010.??.??"]

1. Nf3 Nf6 2. d4 d5 3. c3 e6 4. h3 Be7 5. Bf4 Nc6 6. e3 h6 7. Nbd2 Bd6 8. Bxd6
Qxd6 9. Bd3 O-O 10. O-O Re8 11. e4 dxe4 12. Nxe4 Qd8 13. Nxf6+ Qxf6 14. Re1 b6
15. Bb5 Bb7 16. Qa4 e5 17. dxe5 Qe6 18. Nd4 Nxd4 19. cxd4 Red8 20. Be2 Bd5 21.
b3 Qg6 22. f3 Qe6 23. Rad1 Qe7 24. Qa6 c5 25. Qa3 Rac8 26. dxc5 bxc5 27. Bf1
Qc7 28. Rc1 Qb6 29. Bc4 Bxc4 30. Rxc4 Rd4 31. Qc1 Rxc4 32. Qxc4 Rc6 33. Rd1 Qc7
34. Qd5 a6 35. Qd8+ Qxd8 36. Rxd8+ Kh7 37. Rd6 1-0

[Event "Faxe EMT 2010"]
[Site "Faxe"]
[Date "2010.04.05"]
[Round "3"]
[White "Hansen, Borge"]
[Black "Christensen, Lars (1957)"]
[Result "0-1"]
[WhiteElo "1525"]
[BlackElo "1992"]
[PlyCount "108"]
[EventDate "2010.??.??"]

1. d4 d5 2. c4 c6 3. e3 Nf6 4. h3 e6 5. Nc3 Nbd7 6. Nf3 Bd6 7. Bd3 a6 8. Bd2
dxc4 9. Bxc4 c5 10. dxc5 Nxc5 11. O-O b5 12. Be2 Bb7 13. a3 Rc8 14. Rc1 Ke7 15.
b4 Nce4 16. Nxe4 Nxe4 17. Rxc8 Qxc8 18. Qc1 Rd8 19. Rd1 Nxd2 20. Nxd2 Be5 21.
Qxc8 Rxc8 22. Nb3 Bd6 23. Rc1 e5 24. Bd3 Rxc1+ 25. Nxc1 e4 26. Bc2 Be5 27. Nb3
f5 28. Nc5 Bc8 29. a4 Bc3 30. axb5 axb5 31. Bd1 Bxb4 32. Nb3 Bc3 33. Be2 Bd7
34. f3 Kd6 35. g4 g6 36. Kf2 exf3 37. Kxf3 Be6 38. Nd4 fxg4+ 39. hxg4 Bxd4 40.
exd4 Bc4 41. Bd1 b4 42. Ke3 b3 43. Kd2 h6 44. Kc3 Bd5 45. Be2 Ke6 46. Bd1 Kf6
47. Be2 Kg5 48. Bd1 h5 49. gxh5 gxh5 50. Bxb3 Bxb3 51. Kxb3 h4 52. d5 h3 53. d6
Kf6 54. d7 Ke7 0-1

[Event "Faxe EMT 2010"]
[Site "Faxe"]
[Date "2010.04.08"]
[Round "3"]
[White "Hansen, Aage"]
[Black "Jensen, Leif"]
[Result "0-1"]
[WhiteElo "1607"]
[BlackElo "2007"]
[PlyCount "50"]
[EventDate "2010.??.??"]

1. e4 e6 2. d4 d5 3. e5 c5 4. c3 Bd7 5. Bd3 Qb6 6. Ne2 Nc6 7. Bc2 Rc8 8. O-O a6
9. f4 cxd4 10. cxd4 Nxd4 11. Nxd4 Bc5 12. Be3 Qxb2 13. f5 Bxd4 14. Bxd4 Qxc2
15. Qg4 g6 16. fxg6 Qxg6 17. Qf3 Ne7 18. Qa3 Rc2 19. Bf2 Rg8 20. g3 Bb5 21. Rd1
Qe4 22. Nc3 Qf3 23. Rf1 Bxf1 24. Rxf1 Qxc3 25. Qa4+ Qc6 0-1

[Event "Faxe EMT 2010"]
[Site "Faxe"]
[Date "2010.04.07"]
[Round "4"]
[White "Arendal, Gustav"]
[Black "Jensen, Leif"]
[Result "1/2-1/2"]
[WhiteElo "1890"]
[BlackElo "2007"]
[PlyCount "33"]
[EventDate "2010.??.??"]

1. e4 e6 2. d4 d5 3. Nc3 dxe4 4. Nxe4 Nd7 5. Nf3 Ngf6 6. Bd3 Nxe4 7. Bxe4 Nf6
8. Bg5 Be7 9. Bd3 O-O 10. Qd2 b6 11. O-O-O Bb7 12. Kb1 Ne4 13. Bxe4 Bxe4 14.
Bxe7 Qxe7 15. Qf4 Bxf3 16. Qxf3 Rad8 17. Rhe1 1/2-1/2

[Event "Faxe EMT 2010"]
[Site "Faxe"]
[Date "2010.04.07"]
[Round "4"]
[White "Christensen, Lars (1957)"]
[Black "Lindskov, Villy"]
[Result "1/2-1/2"]
[WhiteElo "1992"]
[BlackElo "1767"]
[PlyCount "68"]
[EventDate "2010.??.??"]

1. e4 c5 2. Nf3 d6 3. d4 cxd4 4. c3 d3 5. Qb3 e6 6. Bxd3 Nc6 7. Na3 Be7 8. h4
Nf6 9. Bg5 h6 10. Bxf6 gxf6 11. O-O-O a6 12. Nd4 Qc7 13. Be2 Na5 14. Qc2 b5 15.
Rhe1 Bd7 16. Kb1 Nc6 17. Bh5 Ne5 18. Qe2 Rg8 19. f4 Nc4 20. Nac2 Kf8 21. Qf3
Rc8 22. g4 Qc5 23. g5 hxg5 24. Nb3 Qc7 25. Rg1 a5 26. hxg5 fxg5 27. Nd2 Nxd2+
28. Rxd2 Qc5 29. Rdg2 g4 30. Rxg4 Qxg1+ 31. Rxg1 Rxg1+ 32. Ne1 Rxe1+ 33. Kc2
Rg1 34. Qf2 Rg7 1/2-1/2

[Event "Faxe EMT 2010"]
[Site "Faxe"]
[Date "2010.04.07"]
[Round "4"]
[White "Hansen, Aage"]
[Black "Hansen, Jens Hjort"]
[Result "0-1"]
[WhiteElo "1607"]
[BlackElo "1975"]
[PlyCount "68"]
[EventDate "2010.??.??"]

1. e4 c5 2. Nf3 d6 3. d4 cxd4 4. Nxd4 Nf6 5. Bd3 e6 6. c4 g6 7. Nc3 Bg7 8. Bc2
O-O 9. Ndb5 a6 10. Nxd6 Qc7 11. e5 Nfd7 12. f4 Nc6 13. Nce4 Rd8 14. O-O Ncxe5
15. fxe5 Nxe5 16. Bg5 Rd7 17. c5 f5 18. Bb3 Kh8 19. Rc1 fxe4 20. Kh1 Nf7 21.
Rxf7 Rxf7 22. Ne8 Qd7 23. Nd6 Rf8 24. Ba4 Rf1+ 25. Qxf1 Qxa4 26. Nf7+ Kg8 27.
Rd1 Bd7 28. b3 Qc6 29. Be7 Be8 30. Ng5 h6 31. Rd6 Qc7 32. Rxe6 hxg5 33. Bd6 Qf7
34. Qc4 Bb5 0-1

[Event "Faxe EMT 2010"]
[Site "Faxe"]
[Date "2010.04.07"]
[Round "4"]
[White "Andersen, Bjarne Hjorth"]
[Black "Larsen, Paul M"]
[Result "1-0"]
[WhiteElo "1860"]
[BlackElo "1472"]
[PlyCount "59"]
[EventDate "2010.??.??"]

1. e4 c6 2. d4 d5 3. Nc3 dxe4 4. Nxe4 Nd7 5. Bd3 e6 6. Bf4 Nb6 7. Nf3 Be7 8.
O-O Nf6 9. c4 O-O 10. Qe2 Nxe4 11. Qxe4 f5 12. Qe2 Bf6 13. Rfd1 Qe8 14. Ne5 Nd7
15. h3 Nxe5 16. Bxe5 Qf7 17. c5 b6 18. Bc4 Kh8 19. b4 b5 20. Bb3 Bd7 21. a4 a6
22. Ra2 Bxe5 23. dxe5 Rfd8 24. Qd2 Qe7 25. Qd6 Qe8 26. axb5 cxb5 27. Rxa6 Rac8
28. Ra7 Bc6 29. Re7 Qg6 30. Qxd8+ 1-0

[Event "Faxe EMT 2010"]
[Site "Faxe"]
[Date "2010.04.07"]
[Round "4"]
[White "Refsgaard, Kaj"]
[Black "Brinkhard, Anders"]
[Result "1-0"]
[WhiteElo "1584"]
[BlackElo "1439"]
[PlyCount "110"]
[EventDate "2010.??.??"]

1. Nf3 Nf6 2. d4 d5 3. Bg5 Nbd7 4. e3 h6 5. Bh4 c6 6. Bd3 e6 7. O-O Be7 8. Nbd2
Qc7 9. Rc1 e5 10. dxe5 Nxe5 11. Nxe5 Qxe5 12. c3 Bf5 13. Nf3 Bg4 14. Nxe5 Bxd1
15. Rfxd1 g5 16. Bg3 h5 17. h3 Nd7 18. Nxd7 Kxd7 19. e4 Ke8 20. exd5 cxd5 21.
Bb5+ Kf8 22. Rxd5 Rh6 23. b3 a6 24. Bc4 b5 25. Bd3 Rc8 26. c4 bxc4 27. Bxc4 Rd8
28. Rxd8+ Bxd8 29. Rd1 Be7 30. Rd3 h4 31. Bh2 Rc6 32. Rd1 Rf6 33. Be5 Rh6 34.
Bd4 Rd6 35. Rd3 Rc6 36. Kf1 a5 37. a4 Rc8 38. Bc3 Ra8 39. Rf3 f6 40. Bxf6 Bxf6
41. Rxf6+ Kg7 42. Rf5 Kh6 43. Rf6+ Kg7 44. Ra6 Rd8 45. Rxa5 Kf6 46. Rd5 Rb8 47.
a5 g4 48. hxg4 Rh8 49. a6 h3 50. gxh3 Rxh3 51. Ra5 Rh8 52. a7 Ke7 53. a8=Q Rxa8
54. Rxa8 Kd6 55. f4 Kc6 1-0

[Event "Faxe EMT 2010"]
[Site "Faxe"]
[Date "2010.04.07"]
[Round "4"]
[White "Johannsen, Bjorn"]
[Black "Hansen, Knud"]
[Result "1/2-1/2"]
[WhiteElo "1553"]
[BlackElo "1446"]
[PlyCount "64"]
[EventDate "2010.??.??"]

1. d4 d5 2. Bf4 Nf6 3. e3 e6 4. Bd3 h6 5. Nd2 Nbd7 6. Ngf3 Be7 7. c3 O-O 8. Qe2
a6 9. e4 dxe4 10. Nxe4 Nxe4 11. Bxe4 Nf6 12. Bc2 b5 13. Qd2 Bb7 14. Ne5 Be4 15.
Bxe4 Nxe4 16. Qe3 Nf6 17. g4 Nd5 18. Qd2 Nxf4 19. Qxf4 Qd5 20. Ke2 c5 21. Rhd1
Bg5 22. Qf3 Qd6 23. Qg3 c4 24. f4 Be7 25. a3 Rac8 26. h4 Qd8 27. Rh1 Qd5 28.
Rae1 f6 29. Nf3 Bd6 30. Nd2 Rce8 31. Qf3 Qxf3+ 32. Kxf3 e5 1/2-1/2

[Event "Faxe EMT 2010"]
[Site "Faxe"]
[Date "2010.04.07"]
[Round "4"]
[White "Eriksen, Knud Ejler"]
[Black "Eckert, Svend"]
[Result "0-1"]
[WhiteElo "1060"]
[BlackElo "1510"]
[PlyCount "78"]
[EventDate "2010.??.??"]

1. Nf3 d6 2. c4 e5 3. d3 Nf6 4. g3 Be7 5. Bg2 O-O 6. O-O e4 7. dxe4 Nxe4 8. b3
Bf6 9. Qc2 Bxa1 10. Qxe4 Re8 11. Qd3 Bf6 12. Nc3 Nc6 13. Nd5 g6 14. Nxf6+ Qxf6
15. Bd2 Bf5 16. Bc3 Bxd3 17. Bxf6 Rxe2 18. Ra1 Be4 19. Bc3 Re8 20. a3 Rc2 21.
Bf6 h6 22. Rb1 Re6 23. Ba1 Ra2 24. Rc1 Rxa3 25. Nd2 Bxg2 26. Kxg2 Ra2 27. Nf3
Ree2 28. Rf1 g5 29. h3 Kh7 30. Nh2 Na5 31. Bd4 Nxb3 32. Be3 Nd2 33. Rc1 Ne4 34.
Rf1 Rxe3 35. Ng4 Rxg3+ 36. Kh2 Rxg4 37. hxg4 Rxf2+ 38. Kg1 Rxf1+ 39. Kxf1 Nd2+
0-1

[Event "Faxe EMT 2010"]
[Site "Faxe"]
[Date "2010.04.07"]
[Round "4"]
[White "Jakobsen, Henning"]
[Black "Wehlast, Svend Erik"]
[Result "1/2-1/2"]
[WhiteElo "1230"]
[BlackElo "1500"]
[PlyCount "65"]
[EventDate "2010.??.??"]

1. d4 d5 2. c4 e6 3. Nf3 h6 4. Nc3 Nf6 5. Bf4 Bd6 6. Bxd6 cxd6 7. cxd5 Nxd5 8.
Nxd5 exd5 9. e3 O-O 10. Bd3 f5 11. g3 Nd7 12. O-O Nf6 13. Qb3 b6 14. Rfc1 Be6
15. Rc3 Ne4 16. Bxe4 fxe4 17. Nh4 Qf6 18. Rf1 g5 19. Ng2 Kh8 20. Qd1 Bh3 21.
Rc2 g4 22. Re1 Bxg2 23. Kxg2 Qf5 24. Qe2 Rac8 25. Rec1 Rxc2 26. Rxc2 Rf7 27. b4
Kh7 28. b5 h5 29. Rc6 Rd7 30. Kg1 Qg5 31. Qc2 Qg7 32. a4 Qf7 33. Kf1 1/2-1/2

[Event "Faxe EMT 2010"]
[Site "Faxe"]
[Date "2010.04.07"]
[Round "4"]
[White "Andersen, Hans Poul"]
[Black "Nielsen, Harald"]
[Result "1-0"]
[WhiteElo "1172"]
[BlackElo "1460"]
[PlyCount "105"]
[EventDate "2010.??.??"]

1. e4 e5 2. Bc4 Bc5 3. Nf3 Nc6 4. d3 h6 5. Nc3 d6 6. h3 Nf6 7. O-O O-O 8. Qe1
Na5 9. Bb3 Nxb3 10. axb3 a6 11. Ne2 Nh7 12. c4 f5 13. Be3 fxe4 14. dxe4 Bxe3
15. fxe3 Bd7 16. Qg3 Bc6 17. Nc3 Nf6 18. Nd2 Qe7 19. Nd5 Bxd5 20. exd5 Rf7 21.
Qg6 Raf8 22. Nf3 Nh7 23. Qg4 Nf6 24. Qh4 Nd7 25. Qxe7 Rxe7 26. Nd2 Ref7 27. b4
Rxf1+ 28. Rxf1 Rxf1+ 29. Kxf1 b6 30. Ne4 Nf6 31. Nc3 Kf7 32. Kf2 g5 33. e4 Ke7
34. Ke3 Kd7 35. Ne2 c6 36. Nc3 Nh5 37. b5 axb5 38. cxb5 c5 39. Ne2 Nf4 40. Nxf4
exf4+ 41. Kf3 h5 42. h4 gxh4 43. Kxf4 Ke7 44. Kf5 Kf7 45. Kg5 Kg7 46. Kxh5 Kf6
47. Kxh4 Ke5 48. g4 Kxe4 49. g5 Kxd5 50. g6 Ke6 51. Kh5 Ke7 52. Kh6 Kf8 53. Kh7
1-0

[Event "Faxe EMT 2010"]
[Site "Faxe"]
[Date "2010.04.07"]
[Round "4"]
[White "Toftvang, Ove"]
[Black "Christoffersen, Ib"]
[Result "0-1"]
[WhiteElo "1268"]
[BlackElo "1460"]
[PlyCount "68"]
[EventDate "2010.??.??"]

1. g3 d5 2. d4 Nc6 3. Bg2 Nf6 4. a3 h6 5. h3 Bf5 6. Nc3 e6 7. Nf3 Be7 8. O-O a6
9. Nh4 Bh7 10. f4 Nh5 11. Qe1 Nxd4 12. f5 Bc5 13. Qf2 Nxe2+ 14. Nxe2 Bxf2+ 15.
Rxf2 Qd6 16. Kh2 O-O-O 17. b4 Qe5 18. Ra2 exf5 19. Bb2 d4 20. Nc1 Qxg3+ 21. Kg1
Qxh4 22. Nd3 f4 23. Nc5 Rhe8 24. Bxb7+ Kb8 25. Ra1 Bf5 26. Bc6 Re3 27. Nxa6+
Kc8 28. Nc5 Bxh3 29. Ne4 Qg4+ 30. Kh2 Rxe4 31. Bxe4 Qg3+ 32. Kh1 Qxf2 33. Rg1
Ng3+ 34. Rxg3 fxg3 0-1

[Event "Faxe EMT 2010"]
[Site "Faxe"]
[Date "2010.04.07"]
[Round "4"]
[White "Olsen, Michael2"]
[Black "Joost, Kjeld"]
[Result "0-1"]
[WhiteElo "1209"]
[BlackElo "1334"]
[PlyCount "94"]
[EventDate "2010.??.??"]

1. d4 d5 2. c4 Nf6 3. Nc3 Nc6 4. e3 h6 5. Bd3 e5 6. dxe5 Nxe5 7. cxd5 Nxd5 8.
Be4 Nxc3 9. Qxd8+ Kxd8 10. bxc3 c6 11. Nf3 Nc4 12. O-O Bg4 13. Rd1+ Kc7 14. h3
Bh5 15. Rd4 b5 16. Nd2 Nd6 17. Ba3 Nxe4 18. Bxf8 Nxc3 19. Bd6+ Kb6 20. Kh2 c5
21. Rd3 b4 22. Nc4+ Kb5 23. Na3+ Ka4 24. Nb1 Nxb1 25. Bxc5 Bg6 26. Rd4 Rab8 27.
e4 Nc3 28. a3 Nxe4 29. Bxb4 Kb5 30. Rd5+ Kc4 31. Rad1 Nxf2 32. Rc5+ Kb3 33.
Rc3+ Ka4 34. Rd4 Rb7 35. Be7+ Kb5 36. a4+ Ka6 37. Bc5 Rhb8 38. Rcc4 Ne4 39. Rd5
Nxc5 40. Rcxc5 Be4 41. Rd6+ Rb6 42. Rc7 Rxd6 43. Rxf7 Rg6 44. Rf2 Rb4 45. Ra2
Rxg2+ 46. Rxg2 Bxg2 47. Kxg2 Rxa4 0-1

[Event "Faxe EMT 2010"]
[Site "Faxe"]
[Date "2010.04.07"]
[Round "4"]
[White "Hansen, Borge"]
[Black "Andersen, Hans E"]
[Result "1/2-1/2"]
[WhiteElo "1525"]
[BlackElo "1433"]
[PlyCount "75"]
[EventDate "2010.??.??"]

1. d4 g6 2. c4 Nf6 3. e3 Bg7 4. Nc3 d5 5. h3 c6 6. Nf3 O-O 7. Be2 Bf5 8. O-O
Nbd7 9. Nh4 Be6 10. cxd5 Nxd5 11. Nxd5 cxd5 12. Bd2 Nf6 13. Bb4 a5 14. Bc3 Qd7
15. Nf3 Ne4 16. Nd2 f5 17. Nxe4 fxe4 18. Bg4 h5 19. Bxe6+ Qxe6 20. f3 exf3 21.
Rxf3 b6 22. Qe2 Bf6 23. Raf1 Rf7 24. Qd3 Rg7 25. Be1 h4 26. Bf2 Bg5 27. Rc1 Rc8
28. Rxc8+ Qxc8 29. Qd2 Qe6 30. Qe1 Rh7 31. Kh1 Bf6 32. Qf1 Qe4 33. Qc1 Qe6 34.
Qc2 Kg7 35. Bg1 Rh8 36. Rf1 Rc8 37. Qd2 Qe4 38. Rc1 1/2-1/2